The Good Terrorist (Record no. 329179)

000 -LEADER
fixed length control field 00912pam a2200265 a 4500
001 - CONTROL NUMBER
control field 15327240
003 - CONTROL NUMBER IDENTIFIER
control field Nust
005 - DATE AND TIME OF LATEST TRANSACTION
control field 20170426105533.0
008 - FIXED-LENGTH DATA ELEMENTS--GENERAL INFORMATION
fixed length control field 080612r20081985nyu 000 1 eng
010 ## - LIBRARY OF CONGRESS CONTROL NUMBER
LC control number 2008274247
020 ## - INTERNATIONAL STANDARD BOOK NUMBER
International Standard Book Number 9780307389961 (pbk.)
040 ## - CATALOGING SOURCE
Original cataloging agency DLC
Transcribing agency DLC
Modifying agency DLC
043 ## - GEOGRAPHIC AREA CODE
Geographic area code e-uk-en
050 00 - LIBRARY OF CONGRESS CALL NUMBER
Classification number PR6023.E833
Item number G66 2008
082 00 - DEWEY DECIMAL CLASSIFICATION NUMBER
Classification number 823.914 LES
Edition number 22
100 1# - MAIN ENTRY--PERSONAL NAME
Personal name Lessing, Doris,
Dates associated with a name 1919-2013.
245 14 - TITLE STATEMENT
Title The Good Terrorist
Statement of responsibility, etc. Doris Lessing.
250 ## - EDITION STATEMENT
Edition statement 1st Vintage International ed.
260 ## - PUBLICATION, DISTRIBUTION, ETC.
Place of publication, distribution, etc. New York :
Name of publisher, distributor, etc. Vintage International,
Date of publication, distribution, etc. 2008.
300 ## - PHYSICAL DESCRIPTION
Extent 375 p. ;
Dimensions 21 cm.
650 #0 - SUBJECT ADDED ENTRY--TOPICAL TERM
Topical term or geographic name entry element Radicals
Geographic subdivision England
-- London
Form subdivision Fiction.
650 #0 - SUBJECT ADDED ENTRY--TOPICAL TERM
Topical term or geographic name entry element Terrorism
Form subdivision Fiction.
651 #0 - SUBJECT ADDED ENTRY--GEOGRAPHIC NAME
Geographic name London (England)
Form subdivision Fiction.
906 ## - LOCAL DATA ELEMENT F, LDF (RLIN)
a 7
b cbc
c origcop
d 2
e ncip
f 20
g y-gencatlg
942 ## - ADDED ENTRY ELEMENTS (KOHA)
Source of classification or shelving scheme
Koha item type Book
Holdings
Withdrawn status Lost status Source of classification or shelving scheme Damaged status Not for loan Permanent Location Current Location Date acquired Total Checkouts Full call number Barcode Date last seen Price effective from Koha item type
          School of Civil and Environmental Engineering (SCEE) School of Civil and Environmental Engineering (SCEE) 04/26/2017   823.914 LES NIT-8479 04/26/2017 04/26/2017 Book
© 2023 Central Library, National University of Sciences and Technology. All Rights Reserved.